1422 1539 1341 1673 1823 1742 1260 1357 1008 1801 1500 1698 1020 1574 1260 1450 1279 1593 1802 1958 1129 1164 1596 1127 1885 1327 1083 1254 1688 1113 1617 1631 1553 1517 1489 1979 1173 1008 1664 1374 1063 1935 1727 1250 1016 1363 1928 1530 1218 1836 1521 1326 1958 1464 1469 1171 1540 1680 1294 1681 1293 1945 1038 1702 1521 1964 1351 1737 1623 1931 1038 1625 1207 1845 1234 1813 1569 1749 1231 1864 1988 1795 1115 1648 1732 1831 1681 1349 1761 1390 1719 1523 1960 1896 1722 1944 1586 1048 1269 BCNSPRNW ULIB Ver.6.0+V

เปลี่ยนเป็นภาษาไทย

Change to English
 แสดงรายละเอียดบรรณานุกรม
  กลับหน้าหลัก

Brief Record : Get Marc (ISO 2709) : E-mail record : QR code < ปิดหน้าต่าง
LEADER : 00000nam 2200000uu 4500
001    13399123617
003     ULIB
008    141019s2551||||th 000 0 tha d
099    วจ.HD62.6^bย155ก
100 0  ยศพล เหลืองโสมนภา และสาคร พร้อมเพราะ
245 00 การวิเคราะห์องค์ประกอบวัฒนธรรมองค์การของสถาบันการศึกษาในสังกัดสถาบันพระบรมราชชนก กระทรวงสาธารณสุข/^cยศพล เหลืองโสมนภา และสาคร พร้อมเพราะ
260    จันทบุรี:^bวิทยาลัยพยาบาลพระปกเกล้า จันทบุรี,^c2551
650  0 วัฒนธรรมองค์การ^xวิจัย
945    ^p0^l0^i023564
999    ^aเกษร โพธิ์สุวรรณ
รายการนี้ยังไม่มีแท็ก
คุณยังไม่ได้ล็อกอิน คุณสามารถมีกิจกรรมร่วมกับเว็บไซต์ได้ แต่ต้องล็อกอินก่อน ::
  ล็อกอิน

รายการสื่อสารสนเทศ

ลำดับที่ ประเภท เลขเรียก/บาร์โค้ด สถานที่ สถานะ
1. งานวิจัย
งานวิจัย
วจ.HD62.6 ย155ก ฉ.1 
  Barcode: 023564
ห้องสมุดวิทยาเขตสวรรค์ประชารักษ์
►วิจัย
บนชั้น

BibComment


ยังไม่เคยถูกคอมเมนท์

คอมเมนท์ทรัพยากรรายการนี้
  คอมเมนท์: การวิเคราะห์องค์ป..


 Copyright 2026. Bcnsprnw @Library